000 00727cam a22002537a 4500
003 CHAP
005 20220329141752.0
008 971013s1967 r 00010 d
010 _a73515
011 _a74487
035 _a84046
040 _cCHAP
082 _a581.192
_bH37
100 0 0 _aHarborne, Jeffrey Barry.
_952623
245 0 _aComparative biochemistry of the flavonoids
260 _aLondon :
_bAcademic Press,
_c1967
300 _a383 p.
590 _aBATCH-UPD
_b10
_c20130110
_lUCH01
_h1934
590 _aCONVERSION
_b10
_c20130109
_lUCH01
_h1340
650 1 4 _aPigmentos vegetales.
_988057
901 _aBK
942 _cLIBRO
949 _a581.192 H37
_bBC
_cLIBRO
_d33724000511176
_eLIBRO
_h13799
_i84046
_si
_t200.00
999 _c73515
_d73515